000 00692nam a2200265Ia 4500
003 OSt
005 20220912152725.0
006 a|||||r|||| 00| 0
007 ta
008 220909b |||||||| |||| 00| 0 eng d
024 _a37491
037 _cTextual
040 _aCSL
_beng
_cCSL
041 _aeng
082 _aC2951z7, L01
100 _aDeser Stanley Ed.
245 0 _aLectures on elementary particles and quantum field theory
260 _c1970
300 _ap.
_ccm.
650 _a Nuclear physics
650 _aPhysics
700 _a Grisaru Marc Ed.
942 _hC2951z7, L01
_cTEXL
_2CC
999 _c90524
_d90524